| 000 | 01080cam a2200265 4500 | ||
|---|---|---|---|
| 001 | WB3642-23 | ||
| 008 | 000000n2000 000 0 eng u | ||
| 035 | _a(Sirsi) u108986 | ||
| 245 | _aNot so limited liability | ||
| 260 | _c2000 | ||
| 490 |
_aEstates Gazette _v0042(21) 21 October 2000, 172(1) |
||
| 520 | _aDiscusses the distinction between repair and condition as written in tenancy agreements. The recent ruling in "Welsh v Greenwich LBC" shows that a landlord's obligation to keep premises in 'good condition' can impose a more extensive liability than one to keep in 'repair', when cited in a short form of tenancy. | ||
| 590 | _aWB | ||
| 650 | _aWELSH V GREENWICH LBC | ||
| 650 | _aCREDIT SUISSE V BEEGAS NOMINEES LTD | ||
| 650 | _aTENANCY AGREEMENTS | ||
| 650 | _aPROPERTY-LEASEHOLD PROPERTY | ||
| 650 | _aINTERPRETATION | ||
| 650 | _aDISREPAIR | ||
| 650 | _aREPAIRS | ||
| 650 | _aOBLIGATION TO REPAIR | ||
| 650 | _aREPAIRING COVENANTS | ||
| 690 | _aPROPERTY-RESIDENTIAL PROPERTY-RESIDENTIAL LANDLORD AND TENANT-RESIDENTIAL TENANCIES | ||
| 942 | _n0 | ||
| 999 |
_c65086 _d65086 |
||